000 01335cam a2200373 a 4500
001 801
005 20230824100427.0
008 030106s2003 nyua c 000 1 eng
020 _a9780545290746
040 _aDLC
_cDLC
_dDLC
_beng
050 0 0 _aPZ7.O81167
_bHat 2003
082 0 0 _aFic
_221
100 1 _aOsborne, Mary Pope.
245 1 0 _aHaunted castle on Hallows Eve
_cby Mary Pope Osborne ; illustrated by Sal Murdocca.
250 _aThis edition first printing, September 2010
260 _aNew York :
_c2003.
300 _a113 pages :
_billustrations ;
_c20 cm
490 1 _aMagic tree house ;
_vBook 30
500 _a"A Stepping Stone book."
505 _aI
520 _aIn their magic treehouse, Jack and Annie are again transported to King Arthur's realm, where invisible beings, giant ravens, and mistaken magic spells have a duke's castle in an uproar on Halloween night.
521 _a460
_bLexile
521 _aI
_bRaz-Plus
650 1 _aHaunted houses
_vFiction.
650 1 _aCastles
_vFiction.
650 1 _aRavens
_vFiction.
650 1 _aHalloween
_vFiction.
650 1 _aTime travel
_vFiction.
650 1 _aMagic
_vFiction.
650 1 _aTree houses
_vFiction.
700 1 _aMurdocca, Sal
_eillustrator
906 _a7
_bcbc
_corignew
_d1
_eecip
_f20
_gy-gencatlg
942 _2ddc
_cBK
_n0
999 _c801
_d801